000 00709nam a2200277Ia 4500
003 OSt
005 20220912151449.0
006 a|||||r|||| 00| 0
007 ta
008 220909b |||||||| |||| 00| 0 eng d
020 _a0080418783
024 _a3019
037 _bShankar,
037 _cTextbook
040 _aCSL
_beng
_cCSL
041 _aeng
082 _aH3, N3 TH
100 _aGhosh S K
245 0 _aStructural geology: Fundamentals and modern developments
260 _aOxford
_bPergamon Press
_c1993
300 _a598p.
_ccm.
650 _a Structural
650 _aGeology
942 _hH3, N3 TH
_cTB
_2CC
999 _c69129
_d69129